000 00704cam a22002413a 4500
001 12976
003 PGUSA
005 20140828083259.0
008 040721s2004||||xxu|||||s|||||000 | eng d
040 _aPGUSA
_beng
042 _adc
050 4 _aDS
100 1 _aSayce, A. H.
_q(Archibald Henry),
_d1845-1933
245 1 0 _aEarly Israel and the Surrounding Nations
_h[electronic resource] /
_cA. H. Sayce
260 _bProject Gutenberg,
_c2004
506 _aPublic domain in the USA.
516 _aElectronic text
653 _aHistory, Ancient
653 _aJews -- History -- To 586 B.C.
830 0 _aProject Gutenberg
_v12976
856 4 0 _uhttp://www.gutenberg.org/ebooks/12976
942 _cEB
999 _c242231
_d242231